[Event "Pardubice Region-chT 2223"]
[Site "Czech Republic"]
[Date "2023.03.19"]
[Round "10.8"]
[White "Fiala, Milan"]
[Black "Seidl, Zdenek"]
[Result "1-0"]
[WhiteElo "1806"]
[BlackElo "1864"]
[PlyCount "63"]
[EventDate "2022.10.09"]
[EventType "team-tourn"]
[EventRounds "11"]
[EventCountry "CZE"]
[SourceTitle "EXT 2024"]
[Source "ChessBase"]
[SourceDate "2023.10.10"]
[SourceVersion "1"]
[SourceVersionDate "2023.10.10"]
[SourceQuality "1"]

1. d4 d5 2. c4 e6 3. Nf3 Nf6 4. Bg5 Be7 5. e3 0-0 6. Nc3 c6 7. Rc1 Bd7 8. Bd3 Be8 9. 0-0 Nbd7 10. Qc2 h6 11. Bh4 dxc4 12. Bxc4 Nd5 13. Bg3 N7b6 14. Bb3 Rc8 15. Rfd1 h5 16. h3 Bd6 17. Bxd6 Qxd6 18. Ne4 Qe7 19. a3 Nf6 20. Neg5 g6 21. e4 Nh7 22. h4 Bd7 23. Nxh7 Kxh7 24. Ng5+ Kg7 25. e5 Nd5 26. Qe4 Qe8 27. Rd3 Ne7 28. Qf4 Nf5 29. Ne4 Qe7 30. Nf6 Rcd8 31. Qg5 Kh8 32. Rf3 1-0

[Event "Pardubice op rapid 29th"]
[Site "Pardubice"]
[Date "2018.07.18"]
[Round "2"]
[White "Tarakanov, Oleg"]
[Black "Fiala, Milan"]
[Result "1-0"]
[WhiteElo "2123"]
[BlackElo "1845"]
[PlyCount "107"]
[EventDate "2018.07.18"]
[EventType "swiss (rapid)"]
[EventRounds "9"]
[EventCountry "CZE"]
[SourceTitle "CBM 185 Extra"]
[Source "ChessBase"]
[SourceDate "2018.07.29"]
[SourceVersion "1"]
[SourceVersionDate "2018.07.29"]
[SourceQuality "1"]

1. e4 c5 2. Nf3 d6 3. c3 Nc6 4. d4 cxd4 5. cxd4 Nf6 6. Nc3 e6 7. Bd3 Be7 8. 0-0 0-0 9. Re1 e5 10. d5 Nb8 11. h3 Nbd7 12. Be3 b6 13. b4 a5 14. a3 axb4 15. axb4 Bb7 16. Qb3 Nh5 17. g4 Nf4 18. Bxf4 exf4 19. Ne2 Ne5 20. Bb5 Nxf3+ 21. Qxf3 g5 22. Rxa8 Qxa8 23. Nd4 Bf6 24. Nf5 Rd8 25. h4 Bc8 26. hxg5 Bxg5 27. Nd4 Bd7 28. Bxd7 Rxd7 29. Nc6 h6 30. Qc3 Kh7 31. Kg2 Qg8 32. Rh1 Qg6 33. Kf3 Bf6 34. Qd3 Be5 35. Rh5 f6 36. Qf1 Rg7 37. Qh3 Rc7 38. Rf5 Rg7 39. Rh5 Rc7 40. Kg2 Rg7 41. f3 Rc7 42. Qh4 Rg7 43. Kh3 Rc7 44. Qf2 Rb7 45. Qa2 Qg8 46. Qa6 Qg7 47. Qa8 Rf7 48. Qd8 Rd7 49. Qxb6 Rb7 50. Qa6 Qc7 51. Qa8 Qb6 52. Qc8 Rg7 53. Qf5+ Rg6 54. Ne7 1-0

[Event "CZE-chT2D 1718"]
[Site "Czech Republic"]
[Date "2018.04.08"]
[Round "11.8"]
[White "Fiala, Milan"]
[Black "Nespor, Jakub"]
[Result "1-0"]
[WhiteElo "1846"]
[BlackElo "1953"]
[PlyCount "73"]
[EventDate "2017.10.15"]
[EventType "team-tourn"]
[EventRounds "11"]
[EventCountry "CZE"]
[SourceTitle "EXT 2022"]
[Source "ChessBase"]
[SourceDate "2021.10.06"]
[SourceVersion "1"]
[SourceVersionDate "2021.10.06"]
[SourceQuality "1"]
[WhiteTeam "Chotebor"]
[BlackTeam "Policka Stefanydes"]
[WhiteTeamCountry "CZE"]
[BlackTeamCountry "CZE"]

1. d4 Nf6 2. c4 g6 3. Nc3 Bg7 4. e4 d6 5. f3 0-0 6. Be3 c5 7. d5 e6 8. Qd2 exd5 9. cxd5 Re8 10. Bd3 a6 11. a4 Nbd7 12. Bf4 Ne5 13. Nge2 Nxd3+ 14. Qxd3 Qc7 15. 0-0 Bd7 16. a5 b5 17. axb6 Qxb6 18. Kh1 Reb8 19. Rfb1 Ne8 20. Bg3 Qb7 21. Ra2 Nc7 22. Bf4 Qb6 23. Rba1 Bb5 24. Nxb5 Nxb5 25. h3 Qb7 26. Nc3 Bxc3 27. bxc3 Rd8 28. Rb1 Qd7 29. c4 Nc7 30. Rb6 Qe7 31. Qb3 Kg7 32. Rb7 Rd7 33. Qb6 Rad8 34. Qc6 h6 35. Bd2 Rc8 36. Ba5 Nxd5 37. Qxd7 1-0

[Event "Pardubice op rapid 28th"]
[Site "Pardubice"]
[Date "2017.07.20"]
[Round "7"]
[White "Fiala, Milan"]
[Black "Slovak, Kilian"]
[Result "0-1"]
[WhiteElo "1842"]
[BlackElo "2254"]
[PlyCount "92"]
[EventDate "2017.07.19"]
[EventType "swiss (rapid)"]
[EventRounds "9"]
[EventCountry "CZE"]
[SourceTitle "CBM 179 Extra"]
[Source "ChessBase"]
[SourceDate "2017.08.23"]
[SourceVersion "1"]
[SourceVersionDate "2017.08.23"]
[SourceQuality "1"]

1. d4 Nf6 2. c4 g6 3. Nc3 Bg7 4. e4 0-0 5. f3 d6 6. Be3 Nc6 7. Nge2 a6 8. Qd2 Rb8 9. h4 h5 10. Bh6 b5 11. Bxg7 Kxg7 12. 0-0-0 bxc4 13. g4 hxg4 14. h5 Rh8 15. f4 Nb4 16. Ng3 Nxh5 17. Nxh5+ gxh5 18. Bxc4 f5 19. a3 Nc6 20. d5 Na5 21. Qd4+ Kg6 22. Ba2 Nb3+ 23. Bxb3 Rxb3 24. e5 Bb7 25. Rde1 dxe5 26. Rxe5 Rb6 27. Rhe1 Rf8 28. Rxe7 Rbf6 29. Qe5 R8f7 30. Re8 Qd7 31. Rb8 c6 32. dxc6 Bxc6 33. Rd1 Qc7 34. Qxc7 Rxc7 35. Rdd8 Rg7 36. Ne2 Bf3 37. Nd4 Be4 38. Rbc8 h4 39. Kd2 h3 40. Rh8 Rh7 41. Rcg8+ Kh6 42. Ne2 Rxh8 43. Rxh8+ Kg7 44. Rh5 Rh6 45. Rg5+ Kf6 46. Ng3 h2 0-1